| 000 | 00740nam a2200193 a 4500 | ||
|---|---|---|---|
| 003 | 0 | ||
| 005 | 20250428092345.0 | ||
| 008 | 050808s19uu xx 00 eng d | ||
| 050 |
_aPHS HQ 784.T4.E34 _b.B73 2005 |
||
| 100 | _aBrambilla, Michael L. | ||
| 245 |
_aEffects of exposure to violent television programs on the values of male upper school students / _cMichael L. Brambilla. |
||
| 260 |
_aLas PiƱas City, Philippines : _bSouthville International School and Colleges, _c2005. |
||
| 300 |
_a41 pages : _billustrations ; _c28 cm. |
||
| 504 | _aIncludes bibliographical references. | ||
| 650 |
_2Library of Congress Subject Headings _aViolence on television. |
||
| 650 | _aTelevision and youth. | ||
| 942 |
_cPASS _2lcc |
||
| 999 |
_c97192 _d97192 |
||